[Event "BL2 West 1617 (Women)"]
[Site "Germany"]
[Date "2017.03.26"]
[Round "6.2"]
[White "Pieck, Sarah"]
[Black "Freter, Anke"]
[Result "0-1"]
[WhiteElo "1781"]
[BlackElo "1869"]
[PlyCount "104"]
[EventDate "2016.10.22"]
[EventType "team-tourn"]
[EventRounds "7"]
[EventCountry "GER"]
[SourceTitle "EXT 2018"]
[Source "ChessBase"]
[SourceDate "2017.10.13"]
[SourceVersion "1"]
[SourceVersionDate "2017.10.13"]
[SourceQuality "1"]
[WhiteTeam "Muenster (W)"]
[BlackTeam "Quickborn Holstein (W)"]
[WhiteTeamCountry "GER"]
[BlackTeamCountry "GER"]

1. e4 c5 2. c3 d5 3. exd5 Qxd5 4. d4 Nc6 5. Nf3 Bg4 6. Be3 cxd4 7. cxd4 e5 8. Nc3 Bb4 9. dxe5 Bxf3 10. Qxf3 Qxe5 11. Rc1 Nf6 12. Bc4 Na5 13. Bb3 0-0 14. 0-0 Bd6 15. g3 Nxb3 16. axb3 Qe6 17. Rfd1 Rfd8 18. Nb5 Be5 19. Rxd8+ Rxd8 20. Rd1 Re8 21. Nd4 Qa6 22. Kg2 h6 23. Qf5 Qd6 24. Qc2 Ng4 25. Nf3 Nxe3+ 26. fxe3 Qc7 27. Qxc7 Bxc7 28. Kf2 Bb6 29. Nd4 g6 30. Kf3 Kg7 31. h4 h5 32. Rd2 Rd8 33. Kf4 Kf6 34. Ke4 Re8+ 35. Kd3 Bc7 36. Rf2+ Kg7 37. Rf3 f5 38. Nb5 Bb6 39. Nd4 Kf6 40. Rf4 Bc7 41. Rf3 a6 42. Ne2 Rd8+ 43. Kc3 Ke5 44. Rf4 Bb6 45. Nd4 Kd5 46. Kd3 Re8 47. Rf1 Re4 48. Rf4 Rxf4 49. gxf4 Bd8 50. Nf3 Bf6 51. Kd2 Ke4 52. Ng5+ Bxg5 0-1

[Event "Dortmund Sparkassen op-B"]
[Site "Dortmund"]
[Date "2010.07.21"]
[Round "5"]
[White "Raschkowski, Alexander"]
[Black "Pieck, Sarah"]
[Result "1-0"]
[WhiteElo "1690"]
[BlackElo "1473"]
[PlyCount "37"]
[EventDate "2010.07.17"]
[EventType "swiss"]
[EventRounds "9"]
[EventCountry "GER"]
[SourceTitle "EXT 2014"]
[Source "ChessBase"]
[SourceDate "2013.11.20"]
[SourceVersion "1"]
[SourceVersionDate "2013.11.20"]
[SourceQuality "1"]

1. e4 c5 2. Nc3 g6 3. f4 Bg7 4. Nf3 Nc6 5. Bc4 e6 6. 0-0 Nge7 7. Qe1 Nd4 8. Nxd4 Bxd4+ 9. Kh1 b6 10. Nb5 d5 11. exd5 a6 12. Nxd4 cxd4 13. dxe6 Qc7 14. exf7+ Kf8 15. Qe5 Qxc4 16. Qxh8+ Kxf7 17. Qxh7+ Ke8 18. Re1 Qc5 19. Qxg6+ 1-0

[Event "Dortmund Sparkassen op-B"]
[Site "Dortmund"]
[Date "2010.07.20"]
[Round "4"]
[White "Pieck, Sarah"]
[Black "Karamik, Neslihan"]
[Result "1-0"]
[WhiteElo "1473"]
[BlackElo "1152"]
[PlyCount "27"]
[EventDate "2010.07.17"]
[EventType "swiss"]
[EventRounds "9"]
[EventCountry "GER"]
[SourceTitle "EXT 2014"]
[Source "ChessBase"]
[SourceDate "2013.11.20"]
[SourceVersion "1"]
[SourceVersionDate "2013.11.20"]
[SourceQuality "1"]

1. e4 e5 2. Nf3 Nc6 3. d4 exd4 4. Nxd4 Nf6 5. Nxc6 bxc6 6. e5 Nd5 7. Bd3 Bc5 8. Qg4 g6 9. Bg5 d6 10. Qh4 Ne7 11. exd6 Qxd6 12. 0-0 Bd4 13. Bxe7 Qxe7 14. Qxd4 1-0

[Event "Dortmund Sparkassen op-B"]
[Site "Dortmund"]
[Date "2010.07.19"]
[Round "3"]
[White "Fechner, Matthias"]
[Black "Pieck, Sarah"]
[Result "0-1"]
[WhiteElo "1328"]
[BlackElo "1473"]
[PlyCount "68"]
[EventDate "2010.07.17"]
[EventType "swiss"]
[EventRounds "9"]
[EventCountry "GER"]
[SourceTitle "EXT 2014"]
[Source "ChessBase"]
[SourceDate "2013.11.20"]
[SourceVersion "1"]
[SourceVersionDate "2013.11.20"]
[SourceQuality "1"]

1. e4 c5 2. Nf3 g6 3. d4 cxd4 4. Nxd4 Nc6 5. Nc3 Bg7 6. Be3 Nf6 7. f3 0-0 8. Qd2 d5 9. 0-0-0 dxe4 10. Nxc6 Qxd2+ 11. Rxd2 bxc6 12. fxe4 Be6 13. Be2 Rab8 14. Bc5 Rfe8 15. Rhd1 Bh6 16. Bxa7 Rb7 17. Bc5 Rd7 18. b3 Bg4 19. Bxg4 Nxg4 20. h3 Ne5 21. Nb1 Red8 22. Bb4 f6 23. Kb2 Bxd2 24. Nxd2 Rd4 25. Kc3 Kf7 26. Bc5 Rxe4 27. Nxe4 Rxd1 28. a4 Nd7 29. Bd4 e5 30. Be3 h5 31. Kb2 Ke7 32. a5 f5 33. Nd2 f4 34. Bb6 Rxd2 0-1

[Event "Dortmund Sparkassen op-B"]
[Site "Dortmund"]
[Date "2010.07.17"]
[Round "1"]
[White "Singh, Marcel"]
[Black "Pieck, Sarah"]
[Result "1-0"]
[WhiteElo "1909"]
[BlackElo "1473"]
[PlyCount "35"]
[EventDate "2010.07.17"]
[EventType "swiss"]
[EventRounds "9"]
[EventCountry "GER"]
[SourceTitle "EXT 2014"]
[Source "ChessBase"]
[SourceDate "2013.11.20"]
[SourceVersion "1"]
[SourceVersionDate "2013.11.20"]
[SourceQuality "1"]

1. e4 c5 2. c3 d5 3. exd5 Qxd5 4. d4 Nc6 5. dxc5 Qxd1+ 6. Kxd1 Bg4+ 7. Nf3 e5 8. b4 Nge7 9. Bb5 e4 10. h3 0-0-0+ 11. Kc2 Bf5 12. Nh4 Ne5 13. Nxf5 Nxf5 14. Re1 a6 15. Rxe4 Ng6 16. Bc4 Rd7 17. g4 Nh6 18. Bg5 1-0

[Event "NRW-ch U16 Girls"]
[Site "Kranenburg"]
[Date "2009.04.13"]
[Round "1"]
[White "Pieck, Sarah"]
[Black "Gordeeva, Vitalia"]
[Result "1/2-1/2"]
[WhiteElo "1276"]
[BlackElo "1593"]
[PlyCount "105"]
[EventDate "2009.04.13"]
[EventType "swiss"]
[EventRounds "7"]
[EventCountry "GER"]
[SourceTitle "EXT 2010"]
[Source "ChessBase"]
[SourceDate "2010.11.25"]
[SourceVersion "1"]
[SourceVersionDate "2010.11.25"]
[SourceQuality "1"]

1. e4 c5 2. c3 Nf6 3. e5 Nd5 4. d4 cxd4 5. cxd4 Nc6 6. Nf3 e6 7. Be2 g6 8. 0-0 Bg7 9. Nbd2 d6 10. exd6 Qxd6 11. Nb3 0-0 12. Bg5 b6 13. Qd2 Bb7 14. Bh6 Rfd8 15. Rfd1 Bh8 16. Rac1 Rac8 17. Ng5 Nde7 18. Ne4 Qd7 19. Be3 Nf5 20. Bg5 Ncxd4 21. Nf6+ Bxf6 22. Bxf6 Rxc1 23. Rxc1 Nxe2+ 24. Qxe2 Rc8 25. Bc3 Qd5 26. f3 Rd8 27. Bf6 Rd7 28. Bc3 Qd3 29. Qxd3 Rxd3 30. Bf6 Rd7 31. Kf2 h6 32. g4 Ne7 33. Nd4 Nd5 34. Be5 f6 35. Bg3 e5 36. Nb5 a6 37. Nc3 Rc7 38. Rd1 Nxc3 39. bxc3 Kf7 40. f4 e4 41. f5 Re7 42. fxg6+ Kxg6 43. Ke3 Re6 44. h4 Rc6 45. h5+ Kg5 46. Rd7 Kxg4 47. Rg7+ Kh3 48. Be1 Ba8 49. Kf4 a5 50. Rg3+ Kh2 51. Re3 Rc5 52. Bg3+ Kg2 53. Re2+ 1/2-1/2

[Event "NRW-ch U14 Girls"]
[Site "Kranenburg"]
[Date "2008.03.25"]
[Round "2"]
[White "Bachem, Lisa"]
[Black "Pieck, Sarah"]
[Result "0-1"]
[WhiteElo "1086"]
[BlackElo "1115"]
[PlyCount "114"]
[EventDate "2008.03.24"]
[EventType "swiss"]
[EventRounds "7"]
[EventCountry "GER"]
[SourceTitle "EXT 2009"]
[Source "ChessBase"]
[SourceDate "2008.11.26"]
[SourceVersion "1"]
[SourceVersionDate "2008.11.26"]
[SourceQuality "1"]

1. e4 c6 2. Nf3 d5 3. exd5 cxd5 4. d4 Bg4 5. h3 Bh5 6. Bb5+ Nc6 7. Nc3 Nf6 8. g4 Bg6 9. Ne5 Qc7 10. Bf4 Qb6 11. Nxg6 hxg6 12. Qd3 e6 13. a3 a6 14. Bxc6+ bxc6 15. b3 Be7 16. Rg1 Nh7 17. g5 Qd8 18. Na4 Nxg5 19. Bd2 Rxh3 20. Qf1 Nf3+ 21. Ke2 Nxg1+ 22. Qxg1 Qd6 23. Qg2 Qh2 24. Qxh2 Rxh2 25. Bf4 Rh4 26. Bg3 Rxd4 27. Rh1 Bxa3 28. Rh8+ Bf8 29. Bd6 Re4+ 30. Kd3 Kd7 31. Nb6+ Kxd6 32. Nxa8 Be7 33. Nb6 Ke5 34. Nd7+ Kf4 35. Rg8 Bf6 36. Nc5 Re1 37. Nxa6 e5 38. Kd2 Ra1 39. Nb4 Kf3 40. Rh8 g5 41. Rh3+ Kxf2 42. Rh2+ Kg3 43. Re2 e4 44. Ke3 g4 45. Nxc6 Bg5+ 46. Kd4 Rd1+ 47. Ke5 Bf4+ 48. Kf5 Rh1 49. Rg2+ Kxg2 50. Kxg4 e3 51. Nd4 Be5 52. Nf3 e2 53. b4 Rf1 54. Nh4+ Kg1 55. Nf3+ Rxf3 56. Kxf3 e1Q 57. b5 Qe4# 0-1

[Event "NRW-ch U14 Girls"]
[Site "Kranenburg"]
[Date "2008.03.24"]
[Round "1"]
[White "Pieck, Sarah"]
[Black "Rosenfeld, Elisabeth"]
[Result "0-1"]
[WhiteElo "1115"]
[BlackElo "1429"]
[PlyCount "24"]
[EventDate "2008.03.24"]
[EventType "swiss"]
[EventRounds "7"]
[EventCountry "GER"]
[SourceTitle "EXT 2009"]
[Source "ChessBase"]
[SourceDate "2008.11.26"]
[SourceVersion "1"]
[SourceVersionDate "2008.11.26"]
[SourceQuality "1"]

1. e4 e5 2. Nf3 Nc6 3. d4 exd4 4. Bc4 Bc5 5. c3 dxc3 6. Bxf7+ Kf8 7. Nxc3 d6 8. Bc4 Bg4 9. Qd5 Qd7 10. Ng5 Ne5 11. Bb3 Nf6 12. f4 Nxd5 0-1

[Event "NRW-ch U14 Girls"]
[Site "Kranenburg"]
[Date "2007.04.12"]
[Round "5"]
[White "Friese, Sarah"]
[Black "Pieck, Sarah"]
[Result "1-0"]
[WhiteElo "1061"]
[BlackElo "1053"]
[PlyCount "55"]
[EventDate "2007.04.09"]
[EventType "swiss"]
[EventRounds "7"]
[EventCountry "GER"]
[SourceTitle "EXT 2008"]
[Source "ChessBase"]
[SourceDate "2007.11.25"]
[SourceVersion "1"]
[SourceVersionDate "2007.11.25"]
[SourceQuality "1"]

1. e4 e5 2. Nf3 Nc6 3. Bb5 Nge7 4. Bxc6 Nxc6 5. 0-0 Bc5 6. c3 b6 7. d4 exd4 8. cxd4 Be7 9. Re1 d5 10. exd5 Qxd5 11. Nc3 Qf5 12. d5 Na5 13. b4 Nc4 14. Qd4 Nd6 15. Qxg7 Rf8 16. Qe5 Qxe5 17. Nxe5 Bb7 18. Nc6 Bxc6 19. dxc6 Kd8 20. Bf4 Bf6 21. Rac1 Rc8 22. Nd5 Bb2 23. Rb1 Bd4 24. Bxd6 cxd6 25. b5 Re8 26. Rxe8+ Kxe8 27. Re1+ Kd8 28. Re7 1-0